Jmenuji se Ašer Lev /
Uloženo v:
| Hlavní autor: | |
|---|---|
| Další autoři: | |
| Médium: | Kniha |
| Jazyk: | Czech |
| Vydáno: |
Praha :
Argo,
1999
|
| Vydání: | 1. vyd. |
| Edice: | Edice AAA
|
| Témata: | |
| Celkem bylo vypůjčeno: | 29x |
| Tagy: |
Žádné tagy |
| LEADER | 00990nam a2200253 a 4500 | ||
|---|---|---|---|
| 001 | 44009 | ||
| 005 | 20250227132122.0 | ||
| 008 | 990601s1999----xr ---------u-------cze-d | ||
| 020 | |a 80-7203-017-5 : |c 198.00 Kč | ||
| 040 | |a UOG502 |e AACR2 |9 1 |b cze | ||
| 041 | 1 | |a cze |h eng | |
| 100 | 1 | |a Potok, Chaim, |d 1929-2002 |7 jn20000604486 |4 aut |9 33043 | |
| 245 | 1 | 0 | |a Jmenuji se Ašer Lev / |c Chaim Potok ; [z anglického originálu přeložil Michal Strenk] |
| 250 | |a 1. vyd. | ||
| 260 | |a Praha : |b Argo, |c 1999 | ||
| 300 | |a 287 s. | ||
| 490 | 1 | |a Edice AAA ; |v Sv. 16 | |
| 653 | |a americká literatura |a židovská literatura |a Židé |a situace |a psychologické romány |a společenské romány | ||
| 700 | 1 | |a Strenk, Michal |7 jn20001227746 |4 trl |9 109093 | |
| 830 | 0 | |a Edice AAA | |
| 910 | |a UOG502 | ||
| 999 | |c 44009 |d 44009 | ||
| 942 | 0 | 0 | |0 24 |
| 993 | |0 0 |1 421180048449 |4 0 |7 0 |9 25011 |a 198.00 |b 0 |c 48449 |d 1999-06-01 |e 29 |f SKLAD |h 198.00 |i Zámecké knihkupectví |j 12 |l SKLAD |m 7 |r 2023-04-04 |s 2023-02-17 |t 6 |w 2017-09-19 |y KN |z BELET | ||